000
00237nam a2200097Ia 4500
001
643414
005
20250826153545.0
008
250824s9999 xx 000 0 und d
245
0
_a
YARALI SERÇE
_c
HASAN NAİL CANAT
260
_b
GENÇ TİMAŞ
999
_c
643414
_d
643414